[Event "Hotel Agro GM"]
[Site "Budapest"]
[Date "1999.08.03"]
[Round "5"]
[White "Gross, David"]
[Black "Borgo, Giulio"]
[Result "1-0"]
[WhiteElo "2465"]
[BlackElo "2444"]
[Annotator "Ribli,Z"]
[PlyCount "45"]
[EventDate "1999.08.05"]
[EventType "tourn"]
[EventRounds "9"]
[EventCountry "HUN"]
[EventCategory "10"]
[SourceTitle "CBM 073"]
[Source "ChessBase"]
[SourceDate "1999.12.01"]
[SourceVersion "1"]
[SourceVersionDate "1999.12.01"]
[SourceQuality "1"]

{[%mdl 68]} 1. e4 c5 2. Nf3 e6 3. d4 cxd4 4. Nxd4 a6 5. Nc3 Nc6 6. f4 {Meines
Erachtens ist 6.Nxc6 bxc6 7.Bd3 genauer. Ribli.} Qc7 {Dieser Zug ist nicht
schlecht, aber 6...Nxd4 7.Qxd4 b5 scheint mir logischer, denn die weisse Dame
steht angreifbar auf d4.} 7. Nxc6 bxc6 8. Bd3 d5 {Der andere moögliche Aufbau
für Schwarz ist ...d6 / ...Nf6 / ...Be7 / ...Bb7 mit einer etwas passiven,
aber festen Stellung.} 9. O-O Nf6 10. Qe2 {Weiss spielt noch nicht 10.e5,
sondern hält die Spannung im Zentrum.} (10. Kh1 Be7 11. e5 Nd7 12. Na4 Nc5 13.
Nxc5 Bxc5 14. c4 O-O 15. cxd5 cxd5 16. Qc2 g6 17. Be3 Bb6 18. Qxc7 Bxc7 19.
Rac1 Bd8 20. Bc5 Re8 21. b4 Bd7 22. a4 Be7 23. Bxe7 Rxe7 24. Rc7 Kf8 25. Ra1
Rb8 26. Bxa6 Rxb4 27. a5 Bb5 {0-1 Gofstein-Borgo/Bratto op, SW 1998 (49)})
10... Be7 11. Bd2 {Das ist der beste Platz für den Läufer, aber auch die
andere Läuferentwicklung (b3 / Bb2) ist möglich. Im Falle von 11.Be3 stört der
Läufer hingegen die weissen Aktionen in der e-Linie.} (11. Kh1 Bb7 (11... O-O
12. b3 a5 13. Bb2 h6 14. e5 Nd7 15. Na4 Nb6 16. Nxb6 Qxb6 17. Rf3 Ba6 18. c4
Rfd8 19. f5 dxc4 20. Bxc4 Bxc4 21. Qxc4 {1-0 Gomez Baillo,J-Schuster,C/ARG-ch
1989/EXT 89ch (32)}) 12. Bd2 c5 13. b3 dxe4 14. Nxe4 Nxe4 15. Bxe4 Bf6 16. Rad1
O-O 17. Bxb7 {1/2-1/2 Leventic,I-Lau,R/Osijek 1993/EXP 38 (17)}) 11... O-O (
11... c5 $6 12. b3 Bb7 13. exd5 exd5 14. Rae1 c4 15. bxc4 dxc4 16. Bxc4 O-O-O
17. Qxe7 Qxc4 18. Re5 Nd5 19. Nxd5 Rxd5 20. Qxf7 {1-0 Kosten,A-Akesson,R/
London Lloyds 1988/TD 88\02 (32)}) (11... g6 12. Na4 dxe4 13. Bxe4 O-O 14. Bc3
Bb7 15. Be5 Qa5 16. b3 Nxe4 17. Qxe4 Qb5 18. Bb2 Qd5 19. Qe2 Rad8 20. Rad1 Qf5
21. Qe5 Qxe5 22. fxe5 c5 23. Ba3 Be4 24. Bxc5 Bxc5+ 25. Nxc5 Bxc2 26. Rd6 {
1/2-1/2 Leventic,I-Antic,D/JUG-ch 1991/TD 91\07 (65)}) 12. Rae1 Re8 {[%cal
Ge8e1] Schwarz spielt nicht 12...Bb7, denn er möchte den Läufer auf der
c8-h3-Diagonalen benutzen.} (12... Bb7 13. e5 Nd7 14. f5 $36) 13. Kh1 {Das ist
immer ein nützlicher Wartezug in der Sizilianischen Verteidigung. Weiss hat
eine starke Angriffsstellung, aber keine konkreten Drohungen.} c5 $2 {Schwarz
sucht sofortiges Gegenspiel, aber mit forcierten Aktionen gelangt Weiss jetzt
in Vorteil.} (13... Bf8 $5) (13... d4 14. Nd1 e5 15. f5 (15. fxe5 Ng4 $132 {
[%csl Ye5][%cal Gg4e5]}) 15... c5 $13) 14. e5 Nd7 (14... c4 $6 15. exf6 cxd3
16. Qg4 Bxf6 17. Nxd5 {[%cal Ge1e8,Rd5f6,Rd5c7]} Qd8 18. Nxf6+ Qxf6 19. Bc3 $16
) 15. f5 g6 (15... Nf8 16. f6 $16 {[%csl Rg8]}) (15... c4 16. fxe6 {[%cal
Re6f7,Rf7g8,Rf7e8]} fxe6 17. Bxh7+ Kxh7 18. Qh5+ $18 {[%cal Rh5h7,Rh5e8]}) 16.
fxe6 fxe6 17. Bh6 Bf8 (17... c4 18. Qf2 $18 {[%csl Re8,Yf7,Rg8][%cal Rf2f7,
Rf7e8,Rf7g8]}) 18. Qf3 {[%csl Rf7][%cal Rf1f7,Rf7g8,Rf7e8]} Bb7 (18... Kh8 19.
Qf7 Bb7 {Das ist nur Zugumstellung zur Partiefortsetzung.} (19... Re7 $2 20.
Qxf8+ Nxf8 21. Rxf8#)) (18... Bxh6 $2 19. Qf7+ Kh8 20. Qxe8+ $18) 19. Qf7+ $18
{[%csl Gf7,Rg8][%cal Rf7g8,Gf7c7] Das Eindringen der Dame entscheidet die
Partie.} Kh8 20. Re3 $6 {[%cal Ge3h3,Gh3h8] Dieser Zug ist auf ersten Blick
sehr stark ,aber die "Nebenlösungen" gewinnen sofort.} (20. Bxg6 Re7 (20...
hxg6 21. Rf3 {[%cal Rf3h3,Rh3h8]} Bxh6 22. Rh3 $18) 21. Bg7+ Bxg7 22. Qxe7 hxg6
23. Re3 $18 {[%cal Re3h3,Rh3h8]}) (20. Bg5 Rac8 21. Bxg6 Bg7 22. Bxh7 $18 {
[%csl Gf7,Rh8][%cal Re1e3,Re3h3,Rh3h8]}) 20... Qd8 $1 $132 {Ein guter
Verteidigungszug.} (20... Bxh6 21. Bxg6 {[%csl Rh8][%cal Rf7h7,Rh7h8]} Bg7 22.
Rh3 $18) (20... Re7 21. Bg7+ Bxg7 22. Qxe7 d4 23. Rf7 $18) 21. Rh3 {[%csl Rh8]
[%cal Rh3h8]} Re7 $2 (21... Nxe5 $1 {[%csl Ge5] Der Springer verteidigt den
wichtigen Punkt g6.} 22. Qxb7 (22. Qf4 Nxd3 23. cxd3 $44) 22... Bxh6 23. Rxh6
Re7 {[%csl Rb7]} 24. Qb3 c4 {[%cal Rc4b3,Rc4d3]} 25. Qa4 cxd3 26. Qd4 {[%csl
Re5][%cal Rd4h8]} Qc7 27. cxd3 $14 (27. Re1 dxc2 28. Rxe5 c1=Q+ 29. Re1+ e5 $19
)) {[#]} 22. Bg7+ $1 $18 Bxg7 23. Rxh7+ {Schwarz gab auf. Das Matt lässt nur
noch drei Züge auf sich warten.} (23. Rxh7+ Kxh7 24. Qxg6+ Kg8 25. Qh7#) 1-0

[Event "Hoogovens"]
[Site "Wijk aan Zee"]
[Date "1999.01.26"]
[Round "9"]
[White "Reinderman, Dimitri"]
[Black "Ivanchuk, Vassily"]
[Result "0-1"]
[WhiteElo "2542"]
[BlackElo "2714"]
[Annotator "Ribli,Z"]
[PlyCount "76"]
[EventDate "1999.01.16"]
[EventType "tourn"]
[EventRounds "13"]
[EventCountry "NED"]
[EventCategory "17"]
[SourceTitle "CBM 069"]
[Source "ChessBase"]
[SourceDate "1999.04.01"]
[SourceVersion "1"]
[SourceVersionDate "1999.04.01"]
[SourceQuality "1"]

1. e4 c5 2. Ne2 {Eine seltene Fortsetzung, aber später geht Weiß zur
Hauptvariante über. Der junge Holländer spielt gern auch 2.Nc3 e6 3.Nge2.
Ribli.} Nc6 3. d4 cxd4 4. Nxd4 e6 5. Nc3 {Die andere prinzipielle Fortsetzung
5.Nb5 wird heutzutage weniger gespielt, ist aber meines Erachtens nicht
schlechter als der Partiezug.} a6 {Hier empfehle ich 5...Qc7, aber die
Partiefortsetzung führt auch zu komplitziertem Spiel.} 6. Nxc6 {Auch die
Alternativen 6.g3, 6.Be2 und 6.Be3 sind möglich.} bxc6 7. Bd3 (7. e5) 7... d5 (
7... d6 {In diesem Fall kann Schwarz mit folgendem ...Be7, ...Nf6, ...Bb7
seine Entwicklung beenden.}) 8. O-O Nf6 9. Re1 (9. Qe2 $5 {Weiß möchte im
folgenden mit b2-b3 / Bc1-b2 spielen und kann eventuell f2-f4 ziehen, was in
unserer Partie mit Turm auf e1 weniger gut wäre.}) 9... Bb7 10. e5 {Dieser Zug
ist konsequent, wenn Weiß 9.Re1 gespielt hat, aber bei geschlossenem Zentrum
steht der schwarze König sicher in der Mitte und Schwarz kann seine
Zentrumsbauernmehrheit mobilisieren.} (10. Bg5 Be7 11. e5 Nd7 12. Bxe7 Qxe7 13.
Qh5 (13. Qg4 O-O 14. Na4 f5 {Hazai,L-Suetin,A/Leipzig 1986/Inf 42 (14)}) 13...
c5 14. b3 h6 15. f4 g6 16. Qh3 h5 17. Nd1 {1-0 Arakhamia_Grant,K-Portisch,L/
Kobenhavn 1997/Inf 70/ (47)}) (10. Bd2 Be7 (10... Qc7 $5) 11. e5 Nd7 12. Qg4 g6
13. Na4 c5 14. b3 Qc7 15. Qg3 c4 16. bxc4 dxc4 17. Bf1 h5 $1 {1/2-1/2 Adams,
M-Morovic Fernandez,I/Las Palmas 1994/Inf 60/[Morovic Fernandez,I] (51)}) 10...
Nd7 11. Na4 {Das ist ein typischer Plan. Weiß plant c2-c4 mit möglicher
Initiative am Damenflügel.} c5 $5 {[#]Schwarz mobilisiert sofort seine
Bauernmehrheit und hat keine Angst vor der unbeweglichen Bauernstruktur im
Zentrum, denn er bekommt eine offene Diagonale für den b7-Läufer.} (11... Qc7
12. Bf4 c5 (12... Be7 13. c4 dxc4 14. Bxc4 c5 15. Qb3 Rb8 16. Qg3 g5 17. Bd2 h5
18. h4 g4 19. Bg5 Bxg5 20. hxg5 h4 21. Qxg4 Nxe5 22. Qe2 h3 23. Qxe5 h2+ 24.
Kh1 Bxg2+ 25. Kxg2 h1=Q+ 26. Rxh1 Qxe5 {0-1 Brendel,O-Schaefer,M/BL 1995 (31)})
13. c4 dxc4 14. Be4 Be7 15. Rc1 O-O 16. Rxc4 Bxe4 17. Rcxe4 Rfd8 18. Qc2 Nb6
19. Nxb6 Qxb6 20. Be3 Qa5 21. Ra1 Rd5 22. h3 Rad8 23. Rc1 h6 24. b3 Qb5 $11 {
Adams,M-Andersson,U/Cannes 1989/Inf 48 (24)}) (11... Qh4 12. b3 $14) 12. c4 d4
{[%cal Gb7h1] Diese Bauernstruktur ist für die Paulsen-Variante besonders
typisch. Der gedeckte Freibauer auf d4 kann von Weiß mit z.B. b2-b3 /
Na4-b2-d3 gut blockiert werden und die schwarze Bauern verlieren damit an
Elastizität, aber Schwarz hat Chancen gegen den weißen Bauern e5 und am
Königsflügel.} 13. b3 (13. Be4 Bxe4 14. Rxe4 Qc7 15. Qe2 Be7 16. b3 O-O $11)
13... Qc7 14. Bf4 (14. Qe2 Be7) (14. f4 h6 $13 {[%cal Gg7g5,Gb7g2,Gh8g8,Gg8g1]}
) 14... f5 $13 {Mit diesem Zug kontrolliert Schwarz das Feld e4 und leider
kann Weiß nicht 15.exf6 spielen, denn es hängt dann f4.} 15. Qd2 Qc6 16. f3 (
16. Bf1 h6 $15) 16... Rg8 $15 {[%cal Gg8g1] Schwarz hat spürbare Aktivität am
Königsflügel und es ist nicht klar, wie Weiß Gegenspiel aufziehen kann.} 17. h4
(17. Nb2 g5 18. Bxg5 h6 19. Bf4 Qxf3 $15 {[%csl Rg1,Rg2]}) 17... h6 18. h5 (18.
Kf2 g5 $1 (18... Be7 $15) 19. hxg5 hxg5 20. Bxg5 Bh6 21. Bxh6 Rxg2+ $1 22. Kxg2
Qxf3+ 23. Kh2 Qh5+ $19) 18... Be7 {Schwarz muß sich mit ...g7-g5 (oder g7-g6)
nicht beeilen und verbessert zunächst seine Figurenstellung.} (18... g5 19. Bg3
$15 (19. hxg6 Rxg6 $17)) 19. Qe2 g6 $36 20. hxg6 (20. Bxh6 gxh5 $17 {[%csl Rg1]
[%cal Gg8g1,Rc6f3]}) 20... Nf8 $5 {[%cal Gf8g6,Gg6f4,Gg6h4]} (20... Rxg6 21.
Rf1 $15) 21. g7 (21. Bxh6 Nxg6 $17 {[%csl Rg1][%cal Rg6h4,Rh4g2,Rh4f3,Gg8g1,
Gb7g2]}) 21... Rxg7 22. Bxh6 Rg8 {[%cal Gf8g6]} (22... Rg6 23. Bf4) 23. Bxf8
Kxf8 $44 {[%csl Ye3,Rg1][%cal Ge7g5,Gg5e3,Ge3g1] Schwarz hat einen Bauern
weniger, aber er besitzt das Läuferpaar und sehr gefährliche Initiative am
Königsflügel.} 24. Kf1 {Weiß plant mit dem König zum Damenflügel auszuwandern.}
Rh8 {[%cal Rh8h1,Rh1f1] Es droht 25...Rh1+ nebst 26...Bh4+.} 25. Qf2 Qc7 {
Schwarz verhindert 26.Ke2.} 26. Qg3 (26. Ke2 Bh4 {[%cal Rh4e1]} 27. g3 Qxe5+
$17) 26... Rh6 $1 {Schwarz hat viel Zeit. Zuerst verhindert er das Eindringen
der weißen Dame auf g6.} (26... Bh4 $6 27. Qg6 $13) 27. Qf4 Kg7 28. Ke2 Rah8 {
[%csl Gh6,Gh8][%cal Gh8h1] Schwarz Angriff am Königsflügel. Besonders die
Bauern g2 und e5, sowie die schwarzen Felder sind schwach.} 29. Rg1 Rg6 $17 {
[%csl Re2,Re5][%cal Re7g5]} 30. g4 {Dieser Zug schwächt die weiße
Königsstellung, aber eigentlich riskiert Weiß nichts, denn seine Stellung ist
kaum haltbar.} (30. Kd1 Bg5 31. Qg3 Be3 $19) 30... Bg5 31. Qg3 (31. gxf5 Bxf4
32. Rxg6+ Kf8 $19) 31... Bh4 $138 (31... f4 $1) 32. Qf4 Bg5 33. Qg3 f4 {
[%csl Re2,Re5]} 34. Qf2 Bh4 (34... Qxe5+ $17) 35. Qg2 Qxe5+ {[%csl Re2]} 36.
Be4 (36. Kd1 Qe3 $19) 36... Bxe4 37. fxe4 f3+ $1 $19 {[%csl Re2,Rg2][%cal
Rf3e2,Rf3g2] Dieser Bauernopfer entscheidet die Partie. Schwarz öffnet die
Linie-f.} 38. Qxf3 (38. Kxf3 Rf6+ $19) 38... Rf6 {[%csl Re2,Rf3][%mdl 12] Und
Weiß gab auf.} 0-1

[Event "FIDE World Cup"]
[Site "Khanty-Mansiysk"]
[Date "2005.12.01"]
[Round "2.2"]
[White "Vallejo Pons, Francisco"]
[Black "Leitao, Rafael Duailibe"]
[Result "1-0"]
[WhiteElo "2674"]
[BlackElo "2586"]
[Annotator "Ribli,Z"]
[PlyCount "71"]
[EventDate "2005.11.27"]
[EventType "k.o."]
[EventRounds "7"]
[EventCountry "RUS"]
[SourceTitle "CBM 111"]
[Source "ChessBase"]
[SourceDate "2006.04.04"]
[SourceVersion "1"]
[SourceVersionDate "2006.04.04"]
[SourceQuality "1"]

1. e4 c5 2. Nf3 e6 3. d4 cxd4 4. Nxd4 Nc6 5. Nc3 a6 (5... Qc7 6. Be3 a6 7. Qd2
Nf6 8. O-O-O Bb4 9. f3 Ne5 (9... b5 10. Bf4 $5 Ne5 {[#]} 11. Nc6 $1 Nd3+ 12.
cxd3 Qxc6 13. Kb1 {[%cal Gd1c1,Gc1c6] 1-0 Vallejo Pons,F-Miladinovic,I/Leon
2001/CBM 90/[Ribli] (43)}) 10. Nb3 b5 (10... d5 11. Bd4 O-O 12. a3 Bd6 13. exd5
exd5 14. Qf2 b5 15. Bxb5 $5 axb5 16. Nxb5 Qb8 17. Nxd6 Qxd6 18. Bc5 {1/2-1/2
Vallejo Pons,F-Kasimdzhanov,R/Pamplona 2002/CBM 93/[Ribli] (89)}) 11. Qe1 Be7
12. f4 Ng6 $1 13. e5 Ng4 $8 14. Bd2 {[#]} h5 $2 15. Bd3 Bb7 16. Ne4 Rc8 17. Kb1
{1-0 Vallejo Pons,F-Handke,F/Deutschland 0) 2004/ (25)}) 6. f3 {Dieser Zug
wurde in der Vergangenheit selten gespielt. Die weiße Idee ist e3,Qd2 und
0-0-0 zu spielen.} (6. Nxc6 bxc6 7. e5 Qc7 8. f4 d6 9. Qf3 dxe5 (9... Bb7 $5)
10. fxe5 Qxe5+ 11. Be2 Bb7 12. Bf4 Qa5 13. O-O-O Nf6 14. Qg3 $44 {1-0 Vallejo
Pons,F-Andersson,U/Deutschland 2004/(24)}) 6... d5 {Auch wenn dieser Zug auf
den ersten Blick natürlich erscheint, so muss Schwarz im weiteren Spielverlauf
mit strukturellen Schwächen weiterspielen.} (6... Qc7 $5) 7. exd5 exd5 (7...
Qh4+ $5 8. g3 Qxd4 9. dxc6 Qxd1+ 10. Nxd1 bxc6 {Weiß verfügt über einen
kleinen Positionsvorteil, jedoch ist die schwarze Stellung ist
verteidigungsfähig.}) 8. Be3 Nf6 9. Qd2 {Diese Stellung erinnert mich an die
Variante 6.Be3 Nf6 7.Bd3 d5 8.exd5 exd5 9.Qd2.} Be7 10. O-O-O O-O 11. g4 Nxd4
12. Bxd4 $14 {[%csl Gd4,Yd5] Der d5P ist eine potentielle Schwächung in der
schwarzen Stellung und die weiße Initiative kommt schneller am Königsflügel,
als die Schwarze am Damenflügel.} b5 (12... Be6 13. h4 $14 (13. Kb1)) 13. h4 (
13. Bxf6 Bxf6 14. Nxd5 Bb7 $132) 13... Bb7 (13... b4 14. Bxf6 Bxf6 15. Nxd5 $16
) 14. Kb1 {Ein guter prophylaktischer Zug.} Nd7 15. g5 (15. h5) 15... Re8 16.
Bh3 {[%csl Gh3][%cal Gh3c8] Der weiße Läufer steht gewöhnlich in dieser
Variante auf d3, aber in diesen Fall konstrolliert er von h3 aus die Diagonale
h3-c8.} (16. Bd3 b4 17. Qf4 $5 Nf8 (17... bxc3 $2 18. Bxh7+ $1 Kxh7 19. g6+ $1
fxg6 20. Qf7 $18) 18. Ne2 Ng6 19. Qd2 $16) 16... Bf8 17. Qf2 (17. h5 $40) 17...
Qc7 (17... b4 18. Na4 {[%csl Ga4][%cal Ga4b6,Ga4c5]} Bc6 19. Bxd7 Bxd7 20. Nb6
$16) 18. h5 {[%csl Gg5,Gh5]} Nc5 19. f4 $5 {Weiß verstärkt seine Bauernsturm
am Königsflügel und beschäftigt sich nicht mit der Schwäche e4.} (19. g6 fxg6
20. hxg6 h6 (20... hxg6 21. Qh4 $18) 21. Ne2 $16 (21. Bg4)) 19... b4 20. Ne2
Ne4 21. Qg2 a5 22. Bf5 (22. g6 fxg6 23. hxg6 h6 24. Bf5 $36) 22... Bc8 $2 {
[%mdl 16384] So passiv man kann die Sizilianische Verteidigung nicht spielen.
Schwarz muss am Damenflügel angreifen.} (22... a4 23. g6 (23. Bxh7+ $2 Kxh7 24.
g6+ Kg8) 23... fxg6 24. hxg6 h6 25. Be5 Qb6 $132 26. Nd4 $2 Nc3+) 23. Bxe4 $1 {
Weiß muss den starken Springer tauschen.} dxe4 (23... Rxe4 24. Be5 Qc6 25. g6
$40 (25. Ng3 Rc4 26. g6)) 24. Be5 (24. g6) 24... Qa7 25. g6 {[%csl Ge5,Gg6,Rg8]
[%cal Gg2g8][%mdl 128] Endlich spielt Weiß diesen typische Zug, womit die
Linien am Königsflügel öffnet.} fxg6 26. hxg6 h6 27. Qxe4 $16 {Weiß hat einen
Mehrbauern und kann seinen Angriff am Königsflügel nun fortsetzen.} Qb7 (27...
Bb7 28. Qc4+ $18) 28. Qe3 a4 (28... Bg4 29. Rh4 $16 (29. Qb3+ Be6 30. Qg3 a4
31. Nd4 Bd5 $132)) 29. Nd4 Bc5 30. Qd3 {[%cal Rd3c4,Rc4g8]} Qd5 $6 (30... Bxd4
$142 $1 31. Bxd4 (31. Qxd4 b3) 31... Bg4) 31. Rhg1 Ba6 32. Qf5 Rad8 $2 (32...
Rf8 33. Qh5 $16) 33. Qf7+ $1 $18 {[%csl Rg7,Rg8][%cal Gg1g8]} Qxf7 34. gxf7+
Kxf7 35. Rxg7+ Kf8 36. Ne6+ (36. Ne6+ Rxe6 37. Rxd8+ Re8 38. Rxe8+ Kxe8 39. Rg6
$18) 1-0

[Event "FIDE World Cup"]
[Site "Khanty-Mansiysk"]
[Date "2005.12.10"]
[Round "5.2"]
[White "Bacrot, Etienne"]
[Black "Rublevsky, Sergei"]
[Result "1-0"]
[WhiteElo "2725"]
[BlackElo "2652"]
[Annotator "Ribli,Z"]
[PlyCount "79"]
[EventDate "2005.11.27"]
[EventType "k.o."]
[EventRounds "7"]
[EventCountry "RUS"]
[SourceTitle "CBM 111"]
[Source "ChessBase"]
[SourceDate "2006.04.04"]
[SourceVersion "1"]
[SourceVersionDate "2006.04.04"]
[SourceQuality "1"]

1. e4 c5 2. Nf3 e6 3. d4 cxd4 4. Nxd4 Nc6 5. Nc3 a6 {Diese Zugfolge ist
heutzutage wieder populär.} 6. Nxc6 {Die übliche Fortsetzung; nach anderen
Zügen kann Schwarz in die Variante 5...Qc7 überleiten.} bxc6 7. Bd3 d5 8. O-O
Nf6 9. Re1 Be7 {Die andere Variante ist 9...Bb7.} 10. e5 $5 Nd7 11. Qg4 (11.
Na4 Nb6 12. Nxb6 Qxb6 13. c4 O-O (13... dxc4 14. Bxc4 O-O 15. Qb3 Qd4 16. Qc3
Bc5 17. Qc2 Be7 18. Bd3 Qh4 19. Re3 $36 {1-0 Motylev,A-Horvath,A/Saint Vincent
2005/(35)}) 14. Qc2 g6 15. Be3 Qb8 16. g3 Bb7 17. h4 dxc4 18. Be4 c5 19. Qxc4
Bxe4 20. Qxe4 Rd8 21. b3 {1/2-1/2 Najer,E-Lautier,J/FIDE World Cup 2005/CBM111
(21)}) 11... g6 12. Na4 {12.Bh6 ist die eigentliche Hauptvariante, aber der
Textzug kommt auch in Betracht. Die weiße positionelle Drohung ist c2-c4 zu
spielen.} (12. Bh6 Rb8 13. Qh3 Rb4 {[%csl Gb4][%cal Gb4h4]} (13... Rxb2 $5 14.
Bg7 Rg8 15. Qxh7 Rxg7 16. Qxg7 Bb4 $1 {0-1 Hracek,Z-Lautier,J/Gothenburg 2005/
CBM 109/[Ribli Zoltan] (36)}) 14. Bg7 Rg8 $5 15. Qxh7 Rxg7 16. Qxg7 Bf8 17. Qg8
Qg5 $1 $44 {[%csl Gb4,Re5,Gg5,Rg8] 1/2-1/2 Polgar,J-Anand,V/Sofia 2005/CBM 107/
[Ribli] (70)}) (12. b3 c5 13. Na4 c4 14. Bf1 Bb7 15. Bd2 Bc6 16. Nb2 Qb8 17.
Qg3 O-O 18. Rab1 cxb3 19. axb3 Nc5 20. f3 {1/2-1/2 Adams,M-Svidler,P/Dortmund
2005/CBM 108 (20)}) 12... Qa5 (12... c5 13. c4 O-O 14. Bh6 Re8 15. Rad1 Rb8 16.
b3 d4 17. f4 Qc7 18. h4 {1-0 Sax,G-Franzoni,G/Thessaloniki 1984/EXT 97-B (57)})
13. Bh6 (13. c3 c5 14. Bc2 Bb7 15. Bh6 Bc6 16. Qd1 Rb8 17. Rb1 Qc7 18. c4 d4
19. Be4 Bxe4 20. Rxe4 Qc6 21. Re1 f5 {1/2-1/2 Eismont,O-Romanishin,O/Biel 1995/
CBM 48 ext (44)}) 13... Qb4 {[%cal Gb4a4,Gb4g4] Auf diese Weise kann Schwarz
die Damen tauschen.} (13... Rb8 14. b3 Rb4 15. Qe2 Rxa4 16. bxa4 Bb4 17. Red1
Bc3 18. Bd2 Bxd2 19. Rxd2 Qc3 20. Rb1 O-O 21. Rdd1 c5 22. Rb3 Qxe5 23. Qxe5
Nxe5 24. Rb6 $14 {1-0 Benjamin,J-Piasetski,L/Thessaloniki 1988/TD (74)}) 14.
Qxb4 Bxb4 15. c3 Ba5 (15... Be7) 16. b4 Bc7 17. f4 a5 18. b5 (18. a3) 18... Nb6
(18... cxb5 19. Bxb5 Ba6 20. Bc6 $16) 19. Nxb6 $1 $146 {[%mdl 4] Dieser
Springertausch ist viel besser, als die Zugwiederholung mit 19.Nc5 Nd7 20.Na4
Nb6.} (19. Nc5 Nd7 {1/2-1/2 Hazai,L-Romanishin,O/Sochi 1982/MCD (21)}) 19...
Bxb6+ 20. Kf1 {Weiß bringt seinen König näher zum Zentrum.} cxb5 (20... Bd7
$142 21. bxc6 (21. Rab1 Rb8) 21... Bxc6 22. c4 d4 $5 23. c5 Ba7 {[%cal Ge8d7,
Gd7c7] Der schwarze König strebt das sichere Feld c7 an .}) 21. Bxb5+ Bd7 22.
Rab1 $14 {[%csl Gb1][%cal Gb1b8]} Rb8 $6 (22... Bxb5+ 23. Rxb5 Bc7 24. c4 dxc4
25. Rc5 (25. Rc1 Kd7 26. Rxc4 Rhb8 27. Rbc5 Ra7 $11) 25... O-O-O $1 26. Rxc4 (
26. Rc1 Rd4) 26... Rd7 27. Bg5 Kb7) 23. c4 $1 Ba7 (23... d4 24. Ba6 Bc6 25. c5
Ba7 26. Rxb8+ Bxb8 27. Rd1 {[%csl Rd4]}) 24. Ba6 $1 (24. Rec1 Bxb5 25. cxb5 Kd7
26. a4 (26. Rc6 Rhc8) 26... Rhc8 27. Ke2 Bc5) 24... Bc6 25. cxd5 exd5 (25...
Bxd5 $2 26. Rxb8+ Bxb8 27. Rc1 $18) 26. f5 $1 {Der französische Großmeister
spielt diese Partie sehr energisch. Nach diesem Zug besitzt sein schwarzer
Läufer Rückzugsfelder.} Rxb1 (26... gxf5 27. Be3 $1) 27. Rxb1 Kd7 (27... gxf5
28. Be3 $1 Kd7 (28... Bxe3 29. Rb8+) 29. Bxa7 Ra8 30. Bd3 Rxa7 31. Bxf5+ Ke7
32. Rb6 (32. Bxh7 Ke6) 32... Rc7 33. Ke2 $16 {[%cal Ge2e3,Ge3d4] Weiß besitzt
ein aktives Spiel, hingegen Schwarz kein Gegenspiel.}) 28. Rc1 gxf5 (28... Ba4
29. Bc8+ $1 Rxc8 30. e6+ fxe6 31. fxe6+ Kxe6 (31... Kd8 $2 32. Bg5+ $18) 32.
Rxc8) 29. Bd3 {[%cal Rd3f5,Rf5d7]} Re8 (29... Rb8 30. Bxf5+ Kc7 31. e6 fxe6 32.
Bf4+ {[%cal Rf4b8]}) (29... Bd4 30. Bg7 Re8 31. e6+ {[%cal Rg7d4,Re6d7]}) 30.
Bf4 {[%csl Rd7][%mdl 2048] Der schwarze König steht exponiert im Zentrum.} Bd4
(30... Re7 31. Bxf5+ Kc7 32. Bxh7 (32. e6+ Kb7 33. Rb1+ Ka8 34. Bd6 Rxe6 35.
Bxe6 fxe6 36. Ke2) 32... Bd4 33. Bd3 Kb6 (33... Bxe5 34. Bxe5+ Rxe5 35. Bb5 Re6
36. h4 $18) 34. Rb1+ Kc5 35. Bd2 $5) 31. Bxf5+ Kc7 32. e6+ Kb6 33. Rb1+ $1 (33.
exf7 $4 Bb5+) 33... Kc5 (33... Bb5+ 34. Bd3 $18) 34. exf7 Rf8 35. Rc1+ Kb6 36.
Be6 $18 Bc5 37. Bh6 Bb5+ 38. Ke1 Bb4+ 39. Kf2 Rd8 40. Rc8 1-0